| 000 | 01191cam a22003137a 4500 | ||
|---|---|---|---|
| 001 | 15658495 | ||
| 003 | EG-ScBUE | ||
| 005 | 20220209143910.0 | ||
| 008 | 090313s2010 nyu f 000 f eng d | ||
| 020 | _a1933372737 | ||
| 020 | _a9781933372730 | ||
| 035 | _a(OCoLC)ocn258098959 | ||
| 040 |
_aUKM _beng _erda _cUKM _dBTCTA _dBWKUK _dBWK _dCDX _dYDXCP _dDLC _dEG-ScBUE |
||
| 082 | 0 | 4 |
_a823.92 _222 _bSCU |
| 100 | 1 |
_aScudamore, James, _d1976- _eauthor. _924117 |
|
| 245 | 1 | 0 |
_aHeliopolis / _cJames Scudamore. |
| 264 | 1 |
_aNew York : _bEuropa Editions, _c2010. |
|
| 300 |
_a277 pages ; _c22 cm |
||
| 336 |
_2rdacontent _atext _btxt |
||
| 337 |
_2rdamedia _aunmediated _bn |
||
| 338 |
_2rdacarrier _avolume _bnc |
||
| 650 | 7 |
_aMarketing personnel _vFiction. _924118 _2BUEsh |
|
| 650 | 7 |
_aSuccess _xPsychological aspects _vFiction. _924119 _2BUEsh |
|
| 651 | 7 |
_aSao Paulo (Brazil) _xSocial conditions _vFiction. _924120 _2BUEsh |
|
| 653 |
_cMay2011 _bHHUUEENN |
||
| 655 |
_vReading book _934232 |
||
| 942 |
_2ddc _cBB |
||
| 999 |
_c15397 _d15397 |
||